| 000 | 00929 a2200181 4500 | ||
|---|---|---|---|
| 999 |
_c9517 _d9517 |
||
| 020 | _a9538696 | ||
| 050 | _aKTL1650 NAT 1965 | ||
| 100 |
_aNathan, C. J. M. (Charles Joseph Manfred) _eauthor |
||
| 245 |
_aRules and practice of the Supreme Court of South Africa: _buniform rules of the provincial divisions and Appellate Division, together with the Supreme Court act, 1959, all other relevant statutes, and full commentary thereon / _cC J M Nathan; M Barnett; Arend Brink; South Africa. Supreme Court.; South Africa. Supreme Court. Appellate Division |
||
| 264 |
_aCape Town : _b Juta, _c1965. |
||
| 300 | _axxxv, 682 pages forms 26 cm | ||
| 500 | _aAdded t.p.: Rel͡s en gebruike van die Hooggeregshof van Suid-Afrika. On spine: Uniform rules of court. Eenvormige hofrel͡s. | ||
| 650 |
_aCourt rules _xSouth Africa. |
||
| 700 | _aBarnett, M | ||
| 700 | _aBrink, A | ||
| 700 | _aSteyl, G.C | ||
| 942 |
_2lcc _cBK _h1650 _iNAT _kKTL |
||